00257nam a2200097Ia 4500008004100000100002000041245003800061245002000099260003200119300000800151130524s9999 xx 000 0 und d a"Hart, Carl l." a"Drugs, society & human behavior" c"Ksir, Charles" bMcGraw Hillcc.2011aU.S.A. a473